书目信息 |
| 题名: |
乳胶涂料配方与制备
|
|
| 作者: | 李东光 主编 | |
| 分册: | 一 | |
| 出版信息: | 北京 化学工业出版社 2016.01 |
|
| 页数: | 354页 | |
| 开本: | 21cm | |
| 丛书名: | ||
| 单 册: | ||
| 中图分类: | TQ637 | |
| 科图分类: | ||
| 主题词: | 乳胶漆--配方 , 乳胶漆--生产工艺 | |
| 电子资源: | ||
| ISBN: | 978-7-122-25318-7 | |
| 000 | 00915nam0 2200253 450 | |
| 001 | 0120151739120 | |
| 005 | 20170327084621.40 | |
| 010 | @a978-7-122-25318-7@dCNY48.00 | |
| 100 | @a20151228d2016 em y0chiy50 ea | |
| 101 | 0 | @achi |
| 102 | @aCN@b110000 | |
| 105 | @ak z 000yy | |
| 106 | @ar | |
| 200 | 1 | @a乳胶涂料配方与制备@9ru jiao tu liao pei fang yu zhi bei@h一@f李东光主编 |
| 210 | @a北京@c化学工业出版社@d2016.01 | |
| 215 | @a354页@d21cm | |
| 330 | @a乳胶漆是以合成树脂乳液为基料,以水为分散介质,加入颜料、填料和助剂,经一定工艺过程制成的乳胶涂料。由于以水为溶剂,因此没有有机溶剂挥发所带来的环境和健康问题。本书收集了近200种乳胶漆的配方和配伍、制法、应用等。 | |
| 333 | @a涂料、建筑等领域工作人员 | |
| 606 | 0 | @a乳胶漆@x配方 |
| 606 | 0 | @a乳胶漆@x生产工艺 |
| 690 | @aTQ637@v5 | |
| 701 | 0 | @a李东光@9li dong guang@4主编 |
| 801 | 0 | @aCN@b人天书店@c20151228 |
| 905 | @b981151-54@dTQ637@e53:1@f4 | |
| 乳胶涂料配方与制备.一/李东光主编.-北京:化学工业出版社,2016.01 |
| 354页;21cm |
| 使用对象:涂料、建筑等领域工作人员 |
| ISBN 978-7-122-25318-7:CNY48.00 |
| 乳胶漆是以合成树脂乳液为基料,以水为分散介质,加入颜料、填料和助剂,经一定工艺过程制成的乳胶涂料。由于以水为溶剂,因此没有有机溶剂挥发所带来的环境和健康问题。本书收集了近200种乳胶漆的配方和配伍、制法、应用等。 |
| ● |
| 相关链接 |
|
|
|
|
正题名:乳胶涂料配方与制备
索取号:TQ637/53:1
 
预约/预借
| 序号 | 登录号 | 条形码 | 馆藏地/架位号 | 状态 | 备注 |
| 1 | 981151 | 209811514 | 第二样本阅览室/ [索取号:TQ637/53:1] | 在馆 | |
| 2 | 981152 | 209811523 | 化学系资料室/ [索取号:TQ637/53:1] | 在馆 | |
| 3 | 981153 | 209811532 | 第三借阅区/ [索取号:TQ637/53:1] | 在馆 | |
| 4 | 981154 | 209811541 | 第三借阅区/ [索取号:TQ637/53:1] | 在馆 |